| 000 | 00391 a2200133 4500 | ||
|---|---|---|---|
| 001 | 93299 | ||
| 082 | _aPR 2602 | ||
| 090 |
_c44808 _d44809 |
||
| 100 | _aMuhammad Asif; Prof Ahnaf Hannan and Shafqat ul Mulk(Advisors) | ||
| 245 |
_aDesign and Development of Battery Tester for JF-17 Aircraft _n79'B' EC |
||
| 260 |
_aIslamabad _bNUST _c2015 |
||
| 300 | _ax,35p. | ||
| 500 | _aBE Project Report | ||
| 942 |
_aCAE NUST _kPR 2602 |
||
| 999 |
_c328372 _d328372 |
||